000
00306nam a22001337a 4500
008
171107b xxu||||| |||| 00| 0 eng d
020
_a
9781934319802
041
_a
eng
080
_2
6 ED
_a
3300.722.6
100
_a
62
101
_a
KON
245
_a
ACCOTUING MANAGERIAL
_c
MORSE/W/J
942
_2
udc
_c
BK
999
_c
38047
_d
38047